000 01446nam a2200373 i 4500
003 DO-SdBNP
005 20240626090613.0
007 ta
008 240626b19751990enk || 001 0 eng d
020 _a014044288x
040 _aDO-SdBNP
_bspa
_cBNPHU
_erda
082 4 _a345.37
_bC568
_222
100 1 _aCicero, Marcus Tullius
_eautor
_985746
240 _aDiscursos.
_l Inglés
245 1 0 _aMurder trials :
_bin defence of sextus roscius of America, in defence of aulus cluentius habitus, in defence of gaius rabirius, note on the speeches in defence of cablius and milo, in defence of king deiotarus /
_cCicero : Traducido con una introducción de Michael Grant
264 1 _aEngland :
_bPenguin books,
_c1975.
264 3 _c1990
300 _a365 páginas :
_c20 cm.
336 _2rdacontent
_atexto
_btxt
337 _2rdamedia
_asin mediación
_bn
338 _2rdacarrier
_avolumen
_bnc
490 1 _aThe Penguin classics
500 _aLibro en ingles.
500 _aReimpreso con revisiones y una nueva bibliografía, 1990.
500 _aIncluye índice
504 _aBibliografía p. 347-348
590 _aInventariado, 2024/ YL
650 4 _aJuicios (asesinato)
_zRoma.
_985814
650 4 _aOraciones forenses.
_985815
650 4 _aDiscursos, discursos, etc., latín
_vTraducciones al inglés.
_985816
700 _aGrant, Michael
_eTraducido con una introducción
_985747
910 _aYLockward
942 _2ddc
_cLBS1
999 _c56995
_d56995